000 01184cam a2200241 4500
008 000000n1999 000 0 eng u
020 _a0902913034
035 _a(Sirsi) u102923
041 _aeng
050 _a333.73
100 _aSyms, Paul
245 _aDesk reference guide to potentially contaminative land uses.
260 _aLondon
_bISVA
_c1999
300 _a42p. ; 30cm
350 _a12.00
520 _aThis guide has been prepared to provide surveyors, valuers, property developers, environmental health officers, lawyers and other "non-technical" professionals with a convenient, and easily understood, source of information relating to the potential causes of land contamination. Over thirty different industrial activities are profiled for their potential to cause contamination. Recommendations are also made as to when intrusive site investigations may be required.
520 _aSuperseded by second edition "Previously developed land: industrial activities and contamination" (ISBN 1405106972).
650 _aCONTAMINATED LAND
650 _aINDUSTRIAL PROPERTY
650 _aPOLLUTION
690 _aENVIRONMENTAL AND LAND CONSULTANCY
942 _n0
999 _c100077
_d100077